Detalles MARC
| 000 -CABECERA |
| campo de control de longitud fija |
01157nam a22002657a 4500 |
| 003 - IDENTIFICADOR DEL NÚMERO DE CONTROL |
| campo de control |
BPGM |
| 005 - FECHA Y HORA DE LA ÚLTIMA TRANSACCIÓN |
| campo de control |
20260626202445.0 |
| 008 - DATOS DE LONGITUD FIJA--INFORMACIÓN GENERAL |
| campo de control de longitud fija |
260626b1988 mx ||||| |||| 001 0 spa d |
| 020 ## - NÚMERO INTERNACIONAL ESTÁNDAR DEL LIBRO |
| Número Internacional Estándar del Libro |
968-6140-29-8 |
| 040 ## - FUENTE DE LA CATALOGACIÓN |
| Centro catalogador/agencia de origen |
BPGM |
| Lengua de catalogación |
spa |
| 041 ## - CÓDIGO DE LENGUA |
| Código de lengua del texto/banda sonora o título independiente |
spa |
| Código de lengua original |
spa |
| 100 ## - ENTRADA PRINCIPAL--NOMBRE DE PERSONA |
| Nombre de persona |
COQ, VERÁSTEGUI, CLAUDIO |
| 245 ## - MENCIÓN DE TÍTULO |
| Título |
CADEREYTA |
| Resto del título |
ALCALDIA MAYOR |
| 260 ## - PUBLICACIÓN, DISTRIBUCIÓN, ETC. |
| Lugar de publicación, distribución, etc. |
QUERETARO; |
| Nombre del editor, distribuidor, etc. |
DIRECCION DE PATRIMONIO CULTURAL, SECRETARTARÍA DE CULTURA Y BIENESTAR SOCIAL, |
| Fecha de publicación, distribución, etc. |
1988. |
| 300 ## - DESCRIPCIÓN FÍSICA |
| Extensión |
143 páginas |
| Dimensiones |
20.9 cm x 13.6 cm |
| 336 ## - TIPO DE CONTENIDO |
| Fuente |
rdacontent |
| Término de tipo de contenido |
texto |
| Código de tipo de contenido |
txt |
| 337 ## - TIPO DE MEDIO |
| Fuente |
rdamedia |
| Nombre/término del tipo de medio |
sin mediación |
| Código del tipo de medio |
n |
| 338 ## - TIPO DE SOPORTE |
| Fuente |
rdacarrier |
| Nombre/término del tipo de soporte |
volumen |
| Código del tipo de soporte |
nc |
| 490 0# - MENCIÓN DE SERIE |
| Mención de serie |
COLECCION DOCUMENTOS |
| Designación de volumen o secuencia |
8 |
| 505 ## - NOTA DE CONTENIDO CON FORMATO |
| Nota de contenido con formato |
EL LIBRO "CADEREYTA. ALCALDÍA MAYOR", COORDINADO POR EL HISTORIADOR Y CRONISTA CLAUDIO VERÁSTEGUI (Y COAUTORES), ES UNA OBRA HISTORIOGRÁFICA FUNDAMENTAL QUE RECONSTRUYE EL PASADO COLONIAL, POLÍTICO, SOCIAL Y GEOGRÁFICO DE UNA DE LAS REGIONES MÁS IMPORTANTES DE LA SIERRA GORDA Y EL SEMIDESIERTO QUERETANO. |
| 650 ## - PUNTO DE ACCESO ADICIONAL DE MATERIA--TÉRMINO DE MATERIA |
| Término de materia o nombre geográfico como elemento de entrada |
GEOGRAFIA E HISTORIA |
| 650 ## - PUNTO DE ACCESO ADICIONAL DE MATERIA--TÉRMINO DE MATERIA |
| Término de materia o nombre geográfico como elemento de entrada |
HISTORIA GENERAL DE AMERICA DEL NORTE |
| 650 ## - PUNTO DE ACCESO ADICIONAL DE MATERIA--TÉRMINO DE MATERIA |
| Término de materia o nombre geográfico como elemento de entrada |
MESOAMERICA ( AMERICA MEDIA ) MEXICO |
| 942 ## - ELEMENTOS DE PUNTO DE ACCESO ADICIONAL (KOHA) |
| Fuente del sistema de clasificación o colocación |
Dewey Decimal Classification |
| Tipo de ítem Koha |
Colección Querétaro |